<?xml version="1.0" encoding="UTF-8"?>
<record
    xmlns:xsi="http://www.w3.org/2001/XMLSchema-instance"
    xsi:schemaLocation="http://www.loc.gov/MARC21/slim http://www.loc.gov/standards/marcxml/schema/MARC21slim.xsd"
    xmlns="http://www.loc.gov/MARC21/slim">

  <leader>02491nam a2200325 a 4500</leader>
  <controlfield tag="001">000028176</controlfield>
  <controlfield tag="003">OSt</controlfield>
  <controlfield tag="005">20250621074007.0</controlfield>
  <controlfield tag="008">110407s2010    dr ac         001 0dspa d</controlfield>
  <datafield tag="020" ind1=" " ind2=" ">
    <subfield code="a">9789945457285</subfield>
  </datafield>
  <datafield tag="040" ind1=" " ind2=" ">
    <subfield code="a">DO-SdBNP</subfield>
    <subfield code="b">spa</subfield>
    <subfield code="c">BNPHU</subfield>
  </datafield>
  <datafield tag="049" ind1=" " ind2=" ">
    <subfield code="a">BNPD</subfield>
  </datafield>
  <datafield tag="082" ind1=" " ind2=" ">
    <subfield code="a">972.93053</subfield>
    <subfield code="b">D559n</subfield>
  </datafield>
  <datafield tag="100" ind1="1" ind2=" ">
    <subfield code="a">Diederich, Bernard,</subfield>
    <subfield code="d">1927-</subfield>
    <subfield code="9">45019</subfield>
  </datafield>
  <datafield tag="245" ind1="1" ind2="0">
    <subfield code="a">Navidad con libertad :</subfield>
    <subfield code="b">la lucha por la libertad del pueblo dominicano, 1961 /</subfield>
    <subfield code="c">Bernard Diederich.</subfield>
  </datafield>
  <datafield tag="250" ind1=" " ind2=" ">
    <subfield code="a">[1&#xAA; ed. en espa&#xF1;ol]</subfield>
  </datafield>
  <datafield tag="260" ind1=" " ind2=" ">
    <subfield code="a">Santo Domingo :</subfield>
    <subfield code="b">Sociedad Dominicana de Bibli&#xF3;filos,</subfield>
    <subfield code="c">2010.</subfield>
  </datafield>
  <datafield tag="300" ind1=" " ind2=" ">
    <subfield code="a">317 p. :</subfield>
    <subfield code="b">il., retr. ;</subfield>
    <subfield code="c">23 cm.</subfield>
  </datafield>
  <datafield tag="490" ind1="1" ind2=" ">
    <subfield code="a">Bibli&#xF3;filos 2000</subfield>
    <subfield code="v">30</subfield>
  </datafield>
  <datafield tag="500" ind1=" " ind2=" ">
    <subfield code="a">Incluye datos biogr&#xE1;ficos del autor en la contracubierta.</subfield>
  </datafield>
  <datafield tag="504" ind1=" " ind2=" ">
    <subfield code="a">Incluye bibliograf&#xED;a y notas al pie de p&#xE1;ginas.</subfield>
  </datafield>
  <datafield tag="505" ind1="0" ind2=" ">
    <subfield code="g">Introducci&#xF3;n /</subfield>
    <subfield code="t">Mataron al Chivo --</subfield>
    <subfield code="t">&#xBF;El chofer de El Jefe? --</subfield>
    <subfield code="t">Una noticia mundial --</subfield>
    <subfield code="t">El Obispo O&#xB4;Reilly: &#xFA;ltima v&#xED;ctima de Trujillo --</subfield>
    <subfield code="t">El alcance letal de El Jefe --</subfield>
    <subfield code="t">El Pato: el nuevo dictador --</subfield>
    <subfield code="t">El nuevo elenco de personalidades en Ciudad Trujillo --</subfield>
    <subfield code="t">La breve visita de la OEA --</subfield>
    <subfield code="t">Sacha Volman, hombre de avance del PRD --</subfield>
    <subfield code="t">Visita al siquiatra --</subfield>
    <subfield code="t">Regresan los exiliados del PRD --</subfield>
    <subfield code="t">Los partidos pol&#xED;ticos. Movimiento Popular Dominicano --</subfield>
    <subfield code="t">De la frontera a Ciudad Trujillo --</subfield>
    <subfield code="t">&#xBF;Presidente t&#xED;tere? --</subfield>
    <subfield code="t">La Sos&#xFA;a jud&#xED;a tiene v&#xED;ctimas --</subfield>
    <subfield code="t">Mataron a Berm&#xFA;dez --</subfield>
    <subfield code="t">Balaguer pronostica una guerra civil --</subfield>
    <subfield code="t">Batalla de las sanciones: &#xA1;Basta ya! --</subfield>
    <subfield code="t">Castro dicta la pol&#xED;tica --</subfield>
    <subfield code="t">Trato secreto con los hombres de Kennedy --</subfield>
    <subfield code="t">Profesor Juan Bosch, el patriota errante --</subfield>
    <subfield code="t">&#xBF;Golpe de Estado o coalici&#xF3;n? --</subfield>
    <subfield code="t">Vacaciones para Pet&#xE1;n y Negro --</subfield>
    <subfield code="t">Destruyendo el pasado --</subfield>
    <subfield code="t">Las cabezas hablantes --</subfield>
    <subfield code="t">El cortejo de la prensa extranjera --</subfield>
    <subfield code="t">Llorando en su Whisky Chivas Regal. El fin de Ramfis --</subfield>
    <subfield code="t">Asesinaron y se despidieron --</subfield>
    <subfield code="t">Perdura la mentalidad de censura --</subfield>
    <subfield code="t">Mi c&#xE1;rcel fronteriza --</subfield>
    <subfield code="t">Navidad con libertad --</subfield>
    <subfield code="t">Amistades que lo arriesgaron todo --</subfield>
    <subfield code="t">H&#xE9;roe por un s&#xF3;lo d&#xED;a --</subfield>
    <subfield code="t">El golpe de Rodr&#xED;guez Echavarr&#xED;a --</subfield>
    <subfield code="t">Fin del Club del Dictador --</subfield>
    <subfield code="g">&#xCD;ndice de nombres.</subfield>
  </datafield>
  <datafield tag="600" ind1="1" ind2="0">
    <subfield code="a">Trujillo Molina, Rafael  Le&#xF3;nidas, </subfield>
    <subfield code="d">1891-1961</subfield>
    <subfield code="x">Muerte</subfield>
    <subfield code="9">10869</subfield>
  </datafield>
  <datafield tag="650" ind1=" " ind2="4">
    <subfield code="a">Homicidio pol&#xED;tico</subfield>
    <subfield code="z">Rep&#xFA;blica Dominicana</subfield>
    <subfield code="9">11383</subfield>
  </datafield>
  <datafield tag="651" ind1=" " ind2="0">
    <subfield code="a">Rep&#xFA;blica Dominicana --</subfield>
    <subfield code="x">Historia --</subfield>
    <subfield code="y">1961-</subfield>
    <subfield code="9">6572</subfield>
  </datafield>
  <datafield tag="651" ind1=" " ind2="0">
    <subfield code="a">Rep&#xFA;blica Dominicana</subfield>
    <subfield code="x">Pol&#xED;tica y gobierno</subfield>
    <subfield code="9">45</subfield>
  </datafield>
  <datafield tag="830" ind1=" " ind2="0">
    <subfield code="a">Bibli&#xF3;filos 2000</subfield>
    <subfield code="n">30</subfield>
    <subfield code="9">55177</subfield>
  </datafield>
  <datafield tag="910" ind1=" " ind2=" ">
    <subfield code="a">Validado. Control de calidad EMS</subfield>
  </datafield>
  <datafield tag="942" ind1=" " ind2=" ">
    <subfield code="2">ddc</subfield>
    <subfield code="c">LBS1</subfield>
  </datafield>
  <datafield tag="952" ind1=" " ind2=" ">
    <subfield code="0">0</subfield>
    <subfield code="1">0</subfield>
    <subfield code="5">4</subfield>
    <subfield code="7">0</subfield>
    <subfield code="8">DS</subfield>
    <subfield code="a">GR</subfield>
    <subfield code="b">GR</subfield>
    <subfield code="c">HD</subfield>
    <subfield code="d">2011-04-07</subfield>
    <subfield code="i">LF1</subfield>
    <subfield code="l">0</subfield>
    <subfield code="o">972.93053 D559n</subfield>
    <subfield code="p">28176-30</subfield>
    <subfield code="r">2020-06-25</subfield>
    <subfield code="t">e. 3</subfield>
    <subfield code="w">2020-06-25</subfield>
    <subfield code="y">LFDS</subfield>
    <subfield code="Z">Pr&#xE9;stamo en sala</subfield>
  </datafield>
  <datafield tag="952" ind1=" " ind2=" ">
    <subfield code="0">0</subfield>
    <subfield code="1">0</subfield>
    <subfield code="5">4</subfield>
    <subfield code="7">0</subfield>
    <subfield code="8">DS</subfield>
    <subfield code="a">GR</subfield>
    <subfield code="b">GR</subfield>
    <subfield code="c">HD</subfield>
    <subfield code="d">2011-04-18</subfield>
    <subfield code="i">LF1</subfield>
    <subfield code="l">0</subfield>
    <subfield code="o">972.93053 D559n</subfield>
    <subfield code="p">28176-40</subfield>
    <subfield code="r">2020-06-25</subfield>
    <subfield code="t">e. 4</subfield>
    <subfield code="w">2020-06-25</subfield>
    <subfield code="y">LFDS</subfield>
    <subfield code="Z">Pr&#xE9;stamo en sala</subfield>
  </datafield>
  <datafield tag="952" ind1=" " ind2=" ">
    <subfield code="0">0</subfield>
    <subfield code="1">0</subfield>
    <subfield code="5">4</subfield>
    <subfield code="7">0</subfield>
    <subfield code="8">DS</subfield>
    <subfield code="a">GR</subfield>
    <subfield code="b">GR</subfield>
    <subfield code="c">HD</subfield>
    <subfield code="d">2011-04-18</subfield>
    <subfield code="i">LF1</subfield>
    <subfield code="l">0</subfield>
    <subfield code="o">972.93053 D559n</subfield>
    <subfield code="p">28176-50</subfield>
    <subfield code="r">2020-06-25</subfield>
    <subfield code="t">e. 5</subfield>
    <subfield code="w">2020-06-25</subfield>
    <subfield code="y">LFDS</subfield>
    <subfield code="Z">Pr&#xE9;stamo en sala</subfield>
  </datafield>
  <datafield tag="952" ind1=" " ind2=" ">
    <subfield code="0">0</subfield>
    <subfield code="1">0</subfield>
    <subfield code="7">1</subfield>
    <subfield code="8">PD</subfield>
    <subfield code="a">PD</subfield>
    <subfield code="b">PD</subfield>
    <subfield code="c">HD</subfield>
    <subfield code="d">2011-04-07</subfield>
    <subfield code="i">LF1</subfield>
    <subfield code="l">0</subfield>
    <subfield code="o">972.93053 D559n</subfield>
    <subfield code="p">28176-10</subfield>
    <subfield code="r">2020-06-25</subfield>
    <subfield code="w">2020-06-25</subfield>
    <subfield code="y">LFPD</subfield>
    <subfield code="Z">No se presta</subfield>
  </datafield>
  <datafield tag="952" ind1=" " ind2=" ">
    <subfield code="0">0</subfield>
    <subfield code="1">0</subfield>
    <subfield code="7">1</subfield>
    <subfield code="8">PD</subfield>
    <subfield code="a">PD</subfield>
    <subfield code="b">PD</subfield>
    <subfield code="c">HD</subfield>
    <subfield code="d">2011-04-07</subfield>
    <subfield code="i">LF1</subfield>
    <subfield code="l">0</subfield>
    <subfield code="o">972.93053 D559n</subfield>
    <subfield code="p">28176-20</subfield>
    <subfield code="r">2020-06-25</subfield>
    <subfield code="t">e. 2</subfield>
    <subfield code="w">2020-06-25</subfield>
    <subfield code="y">LFPD</subfield>
    <subfield code="Z">No se presta</subfield>
  </datafield>
  <datafield tag="999" ind1=" " ind2=" ">
    <subfield code="c">27668</subfield>
    <subfield code="d">27668</subfield>
  </datafield>
</record>
